Presente y futuro de Europa (Record no. 36298)

MARC details
000 -LEADER
campo de control de longitud fija 00718nam a2200193 i 4500
001 - NÚMERO DE CONTROL
campo de control 36298
003 - IDENTIFICADOR DE NÚMERO DE CONTROL
campo de control ES-MaACL
005 - FECHA Y HORA DE LA ÚLTIMA TRANSACCIÓN
campo de control 20230906155337.0
007 - CAMPO FIJO DE DESCRIPCIÓN FÍSICA--INFORMACIÓN GENERAL
campo de control de longitud fija t|
008 - DATOS DE LONGITUD FIJA--INFORMACIÓN GENERAL
campo de control de longitud fija 030217s1956 sp ||||1| spa d
100 1# - ENTRADA PRINCIPAL--NOMBRE DE PERSONA
Nombre de persona Brinton, Crane.
9 (RLIN) 31764
245 10 - MENCIÓN DEL TÍTULO
Título Presente y futuro de Europa
Resto del título : vistos por un norteamericano /
Mención de responsabilidad, etc. Crane Brinton ; traducción castellana de Jaime Berenguer Amenos ; prólogo de José Mª Pí Suñer.
260 ## - PUBLICACIÓN, DISTRIBUCIÓN, ETC.
Lugar de publicación, distribución, etc. Barcelona :
Nombre del editor, distribuidor, etc. Vergara,
Fecha de publicación, distribución, etc. [1956] (
Fabricante Limonograph)
300 ## - DESCRIPCIÓN FÍSICA
Extensión 176 p. ;
Dimensiones 19 cm.
651 ## - PUNTO DE ACCESO ADICIONAL DE MATERIA--NOMBRE GEOGRÁFICO
Nombre geográfico Europa-
Subdivisión general Política y gobierno-
Subdivisión cronológica 1945-1989.
9 (RLIN) 141222
700 1# - ENTRADA AGREGADA--NOMBRE PERSONAL
Nombre de persona Berenguer Amenós, Jaime.
9 (RLIN) 27893
700 1# - ENTRADA AGREGADA--NOMBRE PERSONAL
Nombre de persona Pi Suñer, José María.
9 (RLIN) 91727
852 ## - LOCALIZACIÓN
Ubicación ES-MaACL
Número de control de estantería C-11596
Sublocalización o colección R.39607
Holdings
Estatus retirado Estado de pérdida Estado de daño No para préstamo Biblioteca de origen Biblioteca actual Ubicación en estantería Fecha de adquisición Fuente de adquisición Total de préstamos Signatura topográfica completa Código de barras Visto por última vez Precio de reemplazo Tipo de ítem Koha
        Biblioteca del Ateneo de Madrid Biblioteca del Ateneo de Madrid Sala Palomar 17/01/2008     C-11596 1038106 23/02/2023 23/02/2023 Libro impreso